Phasmids of Borneo

Bibliographic Details
Main Author: BRAGG
Other Authors: Chan
Format: Book
Published: Kota Kinabalu, Sabah : Natural History Pub. , 2001
Subjects:

MARC

LEADER 00000cam a2200000 7i4500
001 0000002013
005 20020801.0
020 0 0 |a 9838120278 
090 0 0 |a R595.729095983   |b BRA 2001 
100 1 0 |a BRAGG   |h Philip E. 
245 1 0 |a Phasmids of Borneo   |c Philip E. Bragg   |f with illustrations by the author and C.L. Chan 
260 0 0 |a Kota Kinabalu, Sabah :   |b Natural History Pub. ,   |c 2001 
300 |a ix, 772 p. :   |b ill. ;   |c 26 cm. 
500 0 0 |a Includes bibliography: p. 733-753 and index 
650 0 0 |a Phasmida   |x Habitat 
650 0 0 |a Phasmida   |z Borneo 
700 0 1 |a Chan   |h C. L. 
998 |a JPSM 
999 |a 0000003333   |b Monograph   |c Reference   |e Default branch